| 000 | 01546cam a2200397I 4500 | ||
|---|---|---|---|
| 001 | johnaubreyhisfri00powe | ||
| 003 | CaSfIA | ||
| 005 | 20210118161329.0 | ||
| 007 | cr|||| | ||
| 008 | 750523s1948 enk 000 0 eng d | ||
| 040 |
_aCIN _cCIN _dNZWTU _dOCLCQ _dOCLCG _dUKTTE _dCaSfIA |
||
| 035 | _a(OCoLC)1354623 | ||
| 050 | 4 |
_aDA93.A8 _bP68 1948 |
|
| 082 | 0 | 4 |
_a828.4 _220 |
| 100 | 1 |
_aPowell, Anthony, _d1905-2000. |
|
| 245 | 1 | 0 |
_aJohn Aubrey and his friends. _h[electronic resource] |
| 260 |
_aLondon, _bEyre & Spottiswoode _c[1948] |
||
| 300 |
_a335 p. _billus. _c23 cm. |
||
| 504 | _aIncludes bibliographies. | ||
| 600 | 1 | 0 |
_aAubrey, John, _d1626-1697. |
| 600 | 1 | 4 | _aAubrey, John. |
| 856 | 4 | 1 |
_uhttp://www.archive.org/details/johnaubreyhisfri00powe _zFree eBook from the Internet Archive |
| 856 | 4 | 2 |
_uhttp://www.openlibrary.org/books/OL24211398M _zAdditional information and access via Open Library |
| 029 | 1 |
_aNLGGC _b097848190 |
|
| 029 | 1 |
_aNLGGC _b237216612 |
|
| 029 | 1 |
_aNZ1 _b3989710 |
|
| 029 | 1 |
_aAU@ _b000010248809 |
|
| 029 | 1 |
_aAU@ _b000004158016 |
|
| 029 | 1 |
_aUNITY _b117020648 |
|
| 029 | 1 |
_aUKCEL _bvl0114765x |
|
| 029 | 1 |
_aUNITY _b058811222 |
|
| 029 | 1 |
_aLWM _bBRN0082917 |
|
| 942 | _cEB | ||
| 506 | _fНеобхідна авторизація на https://archive.org/ (створення облікового запису безкоштовно) | ||
| 506 | _fНеобхідна авторизація на https://openlibrary.org/ (створення облікового запису безкоштовно) | ||
| 999 |
_c514423 _d514423 |
||